Normal view
MARC view
Entry Personal Name
001 - CONTROL NUMBER
- control field: 7526
003 - CONTROL NUMBER IDENTIFIER
- control field: ARRUPE
005 - DATE AND TIME OF LATEST TRANSACTION
- control field: 20140131130136.0
008 - FIXED-LENGTH DATA ELEMENTS
- fixed length control field: 140131|| aca||aabn | a|a d
040 ## - CATALOGING SOURCE
- Original cataloging agency: ARRUPE
- Transcribing agency: ARRUPE
100 ## - HEADING--PERSONAL NAME
- Personal name: Kline, Morris,
- Dates associated with a name: 1908-1992.
670 ## - SOURCE DATA FOUND
- Source citation: Work cat.: (ARRUPE)0: Kline, Morris, 1908-1992., Mathematics for the nonmathematician /, 1985, c1967.